000 00384nam a2200133Ia 4500
005 20260328104259.0
008 260328s9999||||xx |||||||||||||| ||und||
100 _ade Spinadel, Vera W.
245 0 _aHerramientas matemáticas :
_b para la Arquitectura y el Diseño /
_cVera W. de Spinadel
260 _bedicion Fadu
300 _a145 p.
650 _aDIMENSIONES HUMANAS
942 _cBK
999 _c10546
_d10546